|
|
|
|
| LEADER |
00000cam a2200000 a 4500 |
| 001 |
vtls008389596 |
| 003 |
SK-MaSNL |
| 005 |
20260301053107.0 |
| 008 |
250312s1946 xo 000 0bslo |
| 015 |
|
|
|a SNBA19451955-008858
|
| 035 |
|
|
|a SK01SNKBKSFS20010081813
|
| 035 |
|
|
|a urn:nbn:sk:snk-am3hlsz
|
| 035 |
|
|
|a 736D9507-4701-4F58-8C79-198BC8B96583
|
| 035 |
|
|
|a urn:nbn:sk:snk-am00d4vw
|
| 035 |
|
|
|a SKM000084276
|
| 040 |
|
|
|a SNK
|b slo
|c SNK
|e AACR2
|
| 041 |
0 |
|
|a slo
|
| 043 |
|
|
|a e-fr---
|
| 044 |
|
|
|a xo
|c SK
|
| 072 |
|
7 |
|a 27
|x Kresťanstvo. Kresťanská cirkev všeobecne. Ekleziológia
|2 konspekt
|
| 072 |
|
7 |
|a 82-9
|x Literárna kritika, vecná literatúra a rôzne ďalšie žánre
|2 konspekt
|
| 080 |
|
|
|a 929 Vianney, Ján Mária, sv.
|2 2001
|
| 080 |
|
|
|a "17/18"
|2 2001
|
| 080 |
|
|
|a 2-726.3
|2 2001
|
| 080 |
|
|
|a 27-36
|2 2001
|
| 080 |
|
|
|a (44)
|2 2001
|
| 080 |
|
|
|a (092)
|2 2001
|
| 245 |
0 |
0 |
|a Svätý Ján Vianney, arský farár
|c sostavil Andrej Patka
|
| 260 |
|
|
|a Trnava
|b Spolok sv. Vojtecha
|c 1946
|e Bratislava
|f Slovenská Grafia
|
| 300 |
|
|
|a 167, [1] s.
|c V. 8°
|
| 490 |
1 |
|
|a Podielové knihy SSV
|v č. 195
|
| 504 |
|
|
|a Bibliogr. odkazy
|
| 563 |
|
|
|a Tlač na prídoštiach
|
| 600 |
1 |
7 |
|a Jan Maria Vianney,
|c svätý,
|d 1786-1859
|2 SNKMA
|9 175662
|
| 648 |
|
7 |
|a 18.-19. stor.
|2 SNKPH
|9 299191
|
| 650 |
0 |
7 |
|a kňazi
|2 SNKPH
|9 28986
|
| 650 |
0 |
7 |
|a svätci
|2 SNKPH
|9 1606
|
| 651 |
|
7 |
|a Francúzsko
|2 SNKPHgeo
|9 15907
|
| 655 |
|
7 |
|a biografie
|2 SNKPH
|9 27965
|
| 700 |
1 |
|
|a Patka, Andrej,
|d 1908-2003
|4 com
|9 363012
|
| 830 |
|
0 |
|a Podielové knihy SSV
|9 363013
|
| 852 |
|
|
|a Slovenská národná knižnica
|
| 958 |
|
|
|a RK
|
| 958 |
|
|
|a TL
|
| 958 |
|
|
|a DG
|
| 958 |
|
|
|a NB
|
| 958 |
|
|
|a OND
|
| 999 |
|
|
|c 607447
|d 609377
|
| 952 |
|
|
|a SNK
|b SNK
|y VYP
|7 0
|p 17A1550671
|o snkSC 3433 D1
|i snkXI. 532/55
|0 0
|1 0
|4 0
|d 2024-06-21
|l 0
|r 2026-02-23 16:13:15
|w 2026-02-23
|
| 952 |
|
|
|a SNK
|b SNK
|y VYP
|7 0
|p 17A1550672
|o snkSC 3433 D2
|i snkVIII. 2464/54
|0 0
|1 0
|4 0
|d 2024-06-21
|l 0
|r 2026-02-23 16:13:15
|w 2026-02-23
|
| 952 |
|
|
|a SNK
|b SNK
|y PREZ
|7 0
|p 17A0755795
|o snkSC 3433
|i snk1470/46
|0 0
|1 0
|4 0
|d 2018-08-31
|f 1
|l 0
|r 2025-06-25 00:00:00
|w 2026-02-23
|